| 000 | 00606cam a2200193 a 4500 | ||
|---|---|---|---|
| 001 | 233561 | ||
| 005 | 20240216004229.0 | ||
| 008 | 990505s1999 enk b 001 0 eng d | ||
| 020 | _a1857288505 (HB) | ||
| 020 | _a1857288513 (pbk.) | ||
| 040 |
_aUk _cUk _dDGU _dDLC |
||
| 082 | 0 | 0 |
_a320. _221 _bIMP. |
| 100 | 1 | _aWissenburg, Marcel. | |
| 245 | 1 | 0 |
_aImperfection and impartiality : _ba liberal theory of social justice / _cMarcel Wissenburg. |
| 260 |
_aLondon : _bUCL Press ; _aNew York : _bDistributed in North America by Garland Pub., _c1999. |
||
| 300 | _ax, 240 p. ; | ||
| 650 | 0 | _aSocial justice. | |
| 942 | _cL | ||
| 999 |
_c402 _d402 |
||